00618nam a22002057a 450000500170000001000130001702000250003003500130005503700160006804000120008408200080009610000140010424500650011826000440018327000770022730000240030450000490032865000130037765000220039020170124105938.0 aA-945775 c00.00a9788170189657 aA-945775 bCen Lib/Ret aDPLbEN a260 aAhir,D.C. aDr. Ambedkar,s vision of Dhamma an assessment /cby D.C.Ahir aDelhibB.R.publishing corporationc1928 aA-6,Nimri commercial center near Bharat nagar Ashok viharbDelhie110052 avi,166p. c21cm(Hb) aIncludes bibliographical reference and index aBuddhism aBuddhist- Worship